|
|
|
|
| LEADER |
00000nam0a2200000 4500 |
| 001 |
348925 |
| 005 |
20231102010144.0 |
| 035 |
|
|
|a (RuTPU)RU\TPU\retro\801
|
| 090 |
|
|
|a 348925
|
| 100 |
|
|
|a 20180328d1973 km y0rusy50 ca
|
| 101 |
0 |
|
|a rus
|
| 102 |
|
|
|a RU
|
| 105 |
|
|
|a y z 000zy
|
| 200 |
1 |
|
|a О субъекте психической деятельности. Методологические проблемы психологии
|f К. А. Абульханова
|g Академия наук СССР (АН СССР), Институт философии (ИФ) , Институт психологии (ИП)
|
| 210 |
|
|
|a Москва
|c Наука
|d 1973
|
| 215 |
|
|
|a 288 с.
|
| 606 |
1 |
|
|a Психология
|x Методология
|2 stltpush
|3 (RuTPU)RU\TPU\subj\53129
|9 71479
|
| 610 |
1 |
|
|a познание
|
| 610 |
1 |
|
|a методология
|
| 610 |
1 |
|
|a детерминизм
|
| 610 |
1 |
|
|a социальные методики
|
| 610 |
1 |
|
|a личность
|
| 610 |
1 |
|
|a социальная обусловленность
|
| 610 |
1 |
|
|a индивидуальное
|
| 610 |
1 |
|
|a общественное
|
| 610 |
1 |
|
|a соотношение
|
| 610 |
1 |
|
|a индивид
|
| 610 |
1 |
|
|a объективная необходимость
|
| 610 |
1 |
|
|a жизнедеятельность
|
| 686 |
|
|
|a Ю93
|2 rubbk
|
| 700 |
|
1 |
|a Абульханова
|b К. А.
|g Ксения Александровна
|
| 712 |
0 |
2 |
|a Академия наук СССР (АН СССР)
|b Институт философии (ИФ)
|2 stltpush
|3 (RuTPU)RU\TPU\col\11338
|
| 712 |
0 |
2 |
|a Академия наук СССР (АН СССР)
|b Институт психологии (ИП)
|c (Москва)
|2 stltpush
|3 (RuTPU)RU\TPU\col\11340
|
| 801 |
|
1 |
|a RU
|b 63413507
|c 20180328
|
| 801 |
|
2 |
|a RU
|b 63413507
|c 20180620
|g RCR
|
| 942 |
|
|
|c BK
|